000 01289cad a22002415a 4500
001 L149145
008 100118s2010 xxkad f s 000 0 eng d
035 _a(Sirsi) u149145
041 0 _aeng
050 0 4 _a333.33 $2 18
110 2 _aCB Richard Ellis
_93675
245 0 0 _aCBRE UK monthly index
_bJanuary 2010
_h[electronic resource]
260 _aLondon
_bCBRE
_c2010
490 0 _aCB Richard Ellis UK Monthly Index
_vJanuary 2010
520 _aCommercial property ended 2009 on an exceptionally strong note with total returns of 3.9% for December. On an annual basis property saw positive returns of 4%. All Property capital values rose by 3.3% over the month, the largest single month's growth in the index history, led by further strong performance of retail warehouses where intense investment demand meant capital values surged by a massive 6.1%. Central London offices also continued their strong performance in December.
521 _aAdvanced
590 _aKA NTK
650 2 4 _aCB RICHARD ELLIS UK MONTHLY INDEX
651 4 _aUnited Kingdom
_y
690 _aPROPERTY-COMMERCIAL PROPERTY-COMMERCIAL PROPERTY MARKET
856 4 0 _uhttps://www.cbre.co.uk/portal/page/portal/uk_en/research/
_zView the report free of charge under find report at www.cbre.co.uk...
942 _n0
999 _c110383
_d110383